Giuseppe Bottai A munka alkotmánya

Elmentve itt :
Bibliográfiai részletek
Dokumentumtípus: Cikk
Megjelent: 1929
Sorozat:Polgári jog : a hazai és külföldi magánjog és hiteljog szemléje 5
Kulcsszavak:Munkajog Olaszország könyvismertetés
Online Access:http://misc.bibl.u-szeged.hu/5123
LEADER 00571nab a2200157 i 4500
001 misc5123
005 20191106142721.0
008 170607s1929 hu o 0|| hun d
040 |a SZTE Miscellanea Repozitórium  |b hun 
041 |a hun 
245 0 0 |a Giuseppe Bottai  |h [elektronikus dokumentum] :  |b A munka alkotmánya 
260 |c 1929 
300 |a 304a 
490 0 |a Polgári jog : a hazai és külföldi magánjog és hiteljog szemléje  |v 5 
695 |a Munkajog Olaszország könyvismertetés 
856 4 0 |u http://misc.bibl.u-szeged.hu/5123/1/polgari_jog_1929_304a.pdf  |z Dokumentum-elérés